000 00680nam a2200241Ia 4500
003 OSt
005 20220918182800.0
006 a|||||r|||| 00| 0
007 ta
008 220917b |||||||| |||| 00| 0 eng d
024 _a34,476
037 _cTextual
040 _aARTS
_cARTS
_beng
041 _2eng
_aeng
082 _aO111973:g, K5
100 _aReid John T
_961218
245 0 _aIndian influences in American literature and thought
260 _aNew Delhi
_bIndian Council for Culture Relations India
_c1965
300 _avi,76p.
_ccm.
650 _aENGLISH LITERATURE
942 _hO111973:g, K5
_cTEXL
_2CC
999 _c170371
_d170371